DYNAMIKA ZMIEN VŠEOBECNEJ POHYBOVEJ VÝKONNOSTI ŽIAKOV VPLYVOM NOVEJ KONCEPCIE UČEBNÝCH OSNOV GYMNÁZIA

Bibliographic Details
Main Author: Sýkora, František, 1927-2002 (Author)
Format: Article
Language:Slovak

MARC

LEADER 00000nab a2200000uu 4500
001 vtls010903016
003 SK-MaSNL
005 20260303142434.0
008 230222|1975 xo |||||||||||||||||slo|
015 |a SNBRB 
035 |a (urnnbn)urn:nbn:sk:snk:ar-a07ptr 
035 |a (uuid)e2398364-4c8d-40b4-acc6-03451083e82c 
035 |a urn:nbn:sk:snk-ab8u5a 
040 |a SNKBUCL  |b slo  |c SNKBUCL  |e AACR2 
041 0 |a slo 
044 |a xo  |c SK 
100 1 |a Sýkora, František,  |d 1927-2002  |4 aut  |9 219495 
245 1 0 |a DYNAMIKA ZMIEN VŠEOBECNEJ POHYBOVEJ VÝKONNOSTI ŽIAKOV VPLYVOM NOVEJ KONCEPCIE UČEBNÝCH OSNOV GYMNÁZIA  |c František Sýkora 
773 0 |t Acta Facultatis Educationis Physicae Universitatis Comenianae  |g Roč. 17, č. 17 (1975), s. 39-72 
954 |a odborná, vedecká literatúra pôvodná (slovenská)  |2 lita 
958 |a OND 
958 |a EUIPO 
958 |a article10 
999 |c 1982902  |d 1984832